| 000 | 01145nam a22002175i 4500 | ||
|---|---|---|---|
| 001 | 160574 | ||
| 003 | ES-MaACL | ||
| 005 | 20250824074926.0 | ||
| 008 | 000203s1869 sp |||| | spa d | ||
| 040 |
_aCAM _bspa _cCAM |
||
| 100 | 1 |
_aNavarro, Calisto. _9130413 |
|
| 245 | 1 | 3 |
_aEl pueblo rey ó ¡Viva España con honra! _b: apropósito cómico-lírico, semi-terrible, en verso, música de varios autores / _coriginal de Calisto Navarro y Mediano. |
| 260 |
_aMadrid : _b[s.n.], _c1869 ( _fImprenta de José María Pérez) |
||
| 300 |
_a24 p. ; _c20 cm. |
||
| 490 | 1 | _aEl Teatro: colección de obras dramáticas y líricas | |
| 500 | _aEn port.: Estrenado... en el Teatro de El Fénix el dia 29 de setiembre de 1869... | ||
| 598 | _aMención de serie consta en la cub. | ||
| 830 | 0 | 3 |
_aEl teatro: colección de obras dramática y líricas _9221753 |
| 852 |
_aES-MaACL _jF-8578(5) _z-- Enc. pasta española _q-- Falto de la cub. original _z-- Enc. en un vol. facticio ormando parte de la col. facticia Teatro español moderno, vol. 31 _z.- Dedicatoria manuscrita del autor "A su amigo José González" |
||
| 999 |
_c160574 _d160574 |
||